000 01561cam a22004094i 4500
003 PE-LiUPU
005 20250731175645.0
008 150616s r 000 0 d
020 _a0801020166
035 _a(Sirsi) i9780801020162
040 _aPE-LiUPU
_bspa
_cPE-LiUPU
_erda
049 _aPRUA
082 0 4 _a487.415
_bB57
_221
100 1 _aBlack, David Alan,
_eautor.
245 1 0 _aLinguistics for Students of New Testament Greek.
264 1 _aGrand Rapids, Michigan :
_bBaker Books,
_c1995.
300 _a216 páginas ;
_c21 centímetros
336 _atext
_2rdacontent
337 _aunmediated
_2rdamedia
338 _avolume
_2rdacarrier
504 _aIncluye bibliografía.
505 0 _aIntroducing linguistics: the landscape and the quest.- Phonology: the sound of Greek.- Morphology: The anatomy of Greek words.- Syntax: The architecture of Greek sentence.- Semantics: determining maning.
526 _aP145
526 _aP127
526 _aP97
526 _aP35
526 _aP14
526 _aP07
650 0 4 _aGRIEGO BIBLICO - GRAMATICA.
910 _ajck
_bjvq
_cjck
942 _2ddc
_cBOOK
949 _a487.415 B57
_wDEWEY
_c1
_i42316
_lCCODEBUL1
_mBUL
_r0
_sY
_tBOOK
_u2015-6-16
_xTEOLOGIA
_zUNKNOWN
_0COMPRA
_o.STAFF. Colección General
994 _aC0
_bPEPRU
596 _a1
999 _a487.415 B57
_wDEWEY
_c60147
_i42316
_f2021-11-11
_g5
_lCCODEBUL1
_mBUL
_r0
_sY
_tBOOK
_u2015-6-16
_xTEOLOGIA
_zUNKNOWN
_0COMPRA
_o.STAFF. Colección General
_d60147
980 _81
_gALBERTO SANCHEZ Responsable de Automatización